[Event "AUT Bundesliga 2021-22"]
[Site "Graz"]
[Date "2022.03.25"]
[Round "6"]
[White "Janzelj, Tim"]
[Black "Atzl, Florian"]
[Result "1-0"]
[WhiteElo "2463"]
[BlackElo "2206"]
[Annotator "TA"]
[PlyCount "107"]
[EventDate "2021.01.17"]
[EventType "team-tourn"]
[EventCountry "AUT"]
[SourceTitle "playchess.com"]
[Source "ChessBase"]
[SourceQuality "1"]

{[%evp 9,107,-16,8,0,20,-14,4,-11,-7,-3,12,-9,1,0,8,-7,-7,-7,-7,-4,0,-29,25,20,14,15,52,54,70,64,53,44,52,59,59,43,65,0,98,103,98,118,137,126,126,126,159,110,130,133,171,165,191,181,150,162,411,412,407,408,415,403,388,402,389,308,302,306,441,425,440,373,518,514,521,470,520,436,411,433,418,111,495,502,495,485,574,577,545,462,451,454,570,552,808,772,772,771,866,730]} 1. e4 c5 2. Nf3 e6 3. b3 b6 4. Bb2 Bb7 5. Bd3 d6 6. O-O {B40: Sicilian: 2...e6, Unusual lines.} Nd7 7. c4 Ngf6 8. Nc3 {The position is equal.} Be7 9. Qe2 O-O 10. Rad1 a6 11. Bb1 {[#]} e5 $146 ({Predecessor:} 11... Qc7 12. d4 cxd4 13. Nxd4 Rfe8 14. f4 Bf8 15. Rfe1 e5 16. Nf5 g6 17. fxe5 Nxe5 18. Ne3 Bg7 19. Kh1 Rab8 20. Ncd5 Nxd5 21. Nxd5 Qd8 22. Bd4 Bxd5 23. cxd5 {0-1 (33) Sandu,M (2115)-Baciu,A (2195) Sovata 1997}) 12. Nh4 g6 {Prevents Nf5.} 13. g3 Ne8 14. Ng2 Ng7 15. f4 Ne6 (15... exf4 $142 $1 16. Nxf4 Bf6) 16. f5 $11 Nd4 17. Qf2 gxf5 18. Nd5 $1 fxe4 ({Less strong is} 18... Bxd5 19. exd5 f6 20. Bxd4 cxd4 21. Qxf5 $18) 19. Bxe4 Bxd5 20. Bxd5 {[#] Bxd4 is the strong threat.} Ra7 21. Bxd4 cxd4 22. Bxf7+ Kg7 23. Qf5 (23. Qf3 $1 $14) 23... Nf6 (23... Bg5 $1 $11 24. Qh3 (24. h4 Nc5 $17) 24... Kh8) 24. Be6 $16 {White is much more active.} Qe8 25. Nh4 ({But not} 25. c5 bxc5 26. Rde1 Kh8 $15) 25... Bd8 26. Qh3 Kh8 27. d3 Re7 28. Bc8 (28. Bd5 $142) 28... Rc7 29. Bxa6 Rg8 30. Bc8 {[%cal Ba6c8,Bc8e6,Be6g8,Bg8d5][%mdl 32] Prevents Ng4.} Nh5 {[#] Strongly threatening ...Bxh4.} 31. Ng2 Bg5 32. Be6 Be3+ $2 (32... Rg6) 33. Nxe3 $18 dxe3 34. Bxg8 {[%cal Of1f5] And now Rf5! would win.} e2 35. Bd5 {[%cal Oh3h4] Hoping for Qh4!} exd1=Q 36. Rxd1 Rg7 37. Kh1 {Threatens to win with Qh4.} Nf6 38. Qe6 Qd8 (38... Qxe6 {was worth a try.} 39. Bxe6 Re7) 39. Rf1 Rg6 40. Qf7 Nd7 41. Be4 Rg7 42. Qe6 Nc5 43. Qf6 Qxf6 44. Rxf6 {[%mdl 4096] Endgame KRB-KRN} Rd7 45. Bf5 $2 (45. g4 $18) 45... Rd8 $2 {[%mdl 8192] A mistake that costs the game.} (45... Kg7 $16) 46. Rh6 {White is clearly winning.} Kg8 47. Rxh7 Ra8 48. Rh6 Rxa2 49. Rxd6 Nxb3 50. Rxb6 Nd4 51. Be4 Kf7 52. h4 Ne2 53. Kg2 Kg7 54. Kf3 {Weighted Error Value: White=0.26 (precise) /Black=0.42} 1-0

[Event "AUT Bundesliga 2021-22"]
[Site "Graz"]
[Date "2022.03.25"]
[Round "6"]
[White "Froewis, Georg"]
[Black "Schreiner, Peter"]
[Result "1-0"]
[WhiteElo "2449"]
[BlackElo "2435"]
[Annotator "NA"]
[PlyCount "51"]
[EventDate "2021.01.17"]
[EventType "team-tourn"]
[EventCountry "AUT"]
[SourceTitle "playchess.com"]
[Source "ChessBase"]
[SourceQuality "1"]
[TimeControl "40/5400+30:1800+30"]

1. Nf3 {[%emt 0:00:03]} Nf6 {[%emt 0:00:38]} 2. c4 {[%emt 0:00:12]} c5 {[%emt 0:00:55]} 3. Nc3 {[%emt 0:00:16]} d5 {[%emt 0:02:18]} 4. cxd5 {[%emt 0:00:11]} Nxd5 {[%emt 0:00:06]} 5. e3 {[%emt 0:01:27]} Nc6 {[%emt 0:04:06]} 6. Bc4 {[%emt 0:00:56]} Nxc3 {[%emt 0:09:59]} 7. bxc3 {[%emt 0:00:28]} e6 {[%emt 0:01:37]} 8. O-O {[%emt 0:00:52]} Be7 {[%emt 0:00:41]} 9. d4 {[%emt 0:00:07]} O-O {[%emt 0:00:10]} 10. e4 {[%emt 0:00:54]} b6 {[%emt 0:03:25]} 11. Be3 {[%emt 0:06:12]} Bb7 {[%emt 0:02:51]} 12. Qe2 {[%emt 0:00:11]} cxd4 {[%emt 0:01:49]} 13. cxd4 {[%emt 0:00:05]} Na5 {[%emt 0:02:59]} 14. Bd3 {[%emt 0:00:05]} Rc8 {[%emt 0:01:47]} 15. Rad1 {[%emt 0:04:46]} Qc7 {[%emt 0:15:23]} 16. Ng5 {[%emt 0:06:53]} Bxg5 {[%emt 0:12:30]} 17. Bxg5 {[%emt 0:00:07]} f5 {[%emt 0:01:53]} 18. d5 {[%emt 0:06:55]} exd5 {[%emt 0:03:40]} 19. exf5 {[%emt 0:00:07]} Nc4 {[%emt 0:01:41]} 20. Rfe1 {[%emt 0:02:44]} h6 {[%emt 0:01:27]} 21. Be7 {[%emt 0:02:38]} Rce8 {[%emt 0:01:47]} 22. Qe6+ {[%emt 0:01:58]} Rf7 {[%emt 0:03:17]} 23. f6 {[%emt 0:00:07]} gxf6 {[%emt 0:03:24]} 24. Bh7+ {[%emt 0:06:54]} Kg7 {[%emt 0:00:33]} 25. Bxf6+ {[%emt 0:00:07]} Rxf6 {[%emt 0:00:13]} 26. Qxe8 {[%emt 0:00:04]} 1-0

[Event "AUT Bundesliga 2021-22"]
[Site "Graz"]
[Date "2022.03.25"]
[Round "6"]
[White "Handler, Lukas"]
[Black "Neugebauer, Martin"]
[Result "1/2-1/2"]
[WhiteElo "2436"]
[BlackElo "2502"]
[Annotator "TA"]
[PlyCount "77"]
[EventDate "2021.01.17"]
[EventType "team-tourn"]
[EventCountry "AUT"]
[SourceTitle "playchess.com"]
[Source "ChessBase"]
[SourceQuality "1"]

{[%evp 11,77,22,31,19,18,0,15,14,10,10,10,0,4,0,15,16,14,17,14,12,16,14,23,20,22,26,25,27,43,28,26,32,52,47,30,47,47,47,47,20,27,26,25,20,22,8,17,7,27,16,35,30,35,34,38,12,21,2,7,0,0,0,0,0,0,0,0,0]} 1. d4 Nf6 2. c4 e6 3. Nf3 b6 4. g3 Ba6 5. Qc2 Bb7 6. Bg2 c5 7. d5 {E15: Queen's Indian: 4 g3 sidelines, 4 g3 Ba6 and 4 g3 Bb7 early deviations.} exd5 8. cxd5 Nxd5 9. O-O Nc6 10. Rd1 Be7 {[%cal Oe8g8]} 11. Qa4 ({Avoid the trap} 11. Rxd5 $2 Nb4 12. Qd1 Bxd5 $17) 11... Nf6 12. Nh4 O-O $1 {[%mdl 4] outshines the older 12...g6.} 13. Nf5 d5 14. Nc3 {[%cal Rc3d5]} Nd4 15. Nxd4 cxd4 16. Rxd4 Bc5 {[%cal Ob7c6]} 17. Rd1 Qe8 18. Qxe8 Rfxe8 19. e3 {[#]} Red8 $146 ({Predecessor:} 19... Rad8 20. Bd2 Ne4 21. Be1 d4 22. Nxe4 Bxe4 23. b4 Bxg2 24. Kxg2 Be7 25. Rxd4 Rxd4 26. exd4 {½-½ (41) Michalik,P (2578)-Navara,D (2717) Austria 2019}) 20. Bd2 Ne4 21. Be1 Be7 22. Rac1 Kf8 23. Nb5 a6 24. Nd4 Rac8 {Prevents Rc7.} 25. Bh3 (25. Nf5 {keeps more tension.} Bf6 26. Bb4+ Nc5 27. Nd4 a5 28. Ba3) 25... Rxc1 26. Rxc1 Bc5 27. Rd1 g6 28. Ne2 Ke7 29. Bg2 Bd6 30. f3 Ng5 31. Bc3 Bc5 32. Kf2 a5 33. Nd4 Ne6 {The position is equal.} 34. h4 Nxd4 35. Bxd4 Bxd4 36. Rxd4 Rc8 {[#] White must now prevent ...Rc2+.} 37. Rd2 {Prevents Rc2.} Rc1 38. a3 Kd6 39. Bf1 {Weighted Error Value: White=0.06 (flawless) /Black=0.03 (flawless)} 1/2-1/2

[Event "AUT Bundesliga 2021-22"]
[Site "Graz"]
[Date "2022.03.25"]
[Round "6"]
[White "Tica, Sven"]
[Black "Brkic, Ante"]
[Result "1/2-1/2"]
[WhiteElo "2423"]
[BlackElo "2607"]
[Annotator "TA"]
[PlyCount "67"]
[EventDate "2021.01.17"]
[EventType "team-tourn"]
[EventCountry "AUT"]
[SourceTitle "playchess.com"]
[Source "ChessBase"]
[SourceQuality "1"]

{[%evp 11,67,12,12,22,14,22,13,7,3,1,26,12,8,16,16,11,9,10,11,10,17,11,11,0,0,-17,0,0,0,-16,-16,-9,-12,-16,-23,-24,0,0,0,-17,0,0,20,35,29,0,21,0,16,0,0,0,46,-8,0,0,38,-12]} 1. d4 Nf6 2. Nf3 d5 3. c4 e6 4. g3 dxc4 5. Bg2 c6 6. Ne5 Bb4+ 7. Nc3 {[%cal Bb1c3,Bc3e4,Be4d2][%mdl 1056] White has compensation. E04: Open Catalan: 5 Nf3.} Nd5 8. Bd2 Nb6 9. e3 {The position is equal.} N8d7 10. Ne4 Bxd2+ {[#]} 11. Qxd2 $146 {[#] Threatens to win with Nd6+.} ({Predecessor:} 11. Nxd2 Nxe5 12. dxe5 Qc7 13. f4 O-O 14. Qe2 Nd5 15. Nxc4 b6 16. Nd6 a5 17. Bxd5 exd5 18. Nxc8 Raxc8 {1-0 (42) Blagojevic,D (2482)-Muratovic,E (2290) Zenica 2010}) 11... Nxe5 12. dxe5 {Strongly threatening Nd6+.} Qxd2+ 13. Nxd2 a5 14. Rc1 {[%cal Ba1c1,Bc1c4,Bc4d4][%mdl 32]} a4 15. Nxc4 Nxc4 16. Rxc4 Ra5 17. O-O Ke7 18. Rd1 Rd8 19. Rcd4 Rd7 20. Rc1 a3 21. b3 Rxe5 {[#] ...Rxd4 is the strong threat.} 22. Ra4 Rd2 23. Rxa3 Kd6 24. Ra8 Kc7 25. b4 Rb5 26. a3 g5 27. g4 f5 28. Bf3 h6 29. Rc4 Rb2 30. Kg2 Re5 31. Kg3 Rb1 (31... fxg4 $11 32. Bxg4 b5) 32. Kg2 (32. h3 $1 $14) 32... Rb2 (32... fxg4 $11 33. Rxg4 (33. Bxg4 b5 $11) 33... Rb2) 33. Kg3 $14 Rb1 34. Kg2 {To avoid Rg1+. An interesting draw.  Weighted Error Value: White=0.10 (very precise) /Black=0.07 (flawless)} ({White should play} 34. h3 $14) 1/2-1/2

[Event "AUT Bundesliga 2021-22"]
[Site "Graz"]
[Date "2022.03.25"]
[Round "6"]
[White "Mesaros, Florian"]
[Black "Fecker, Noah"]
[Result "1-0"]
[WhiteElo "2419"]
[BlackElo "2328"]
[Annotator "TA"]
[PlyCount "86"]
[EventDate "2021.01.17"]
[EventType "team-tourn"]
[EventCountry "AUT"]
[SourceTitle "playchess.com"]
[Source "ChessBase"]
[SourceQuality "1"]

{[%evp 17,86,23,26,23,22,31,24,18,22,23,28,16,14,15,41,40,41,15,16,14,27,11,18,14,18,18,22,27,24,31,70,50,63,0,0,0,8,14,106,121,124,99,126,124,197,202,291,451,487,487,486,393,447,280,404,391,397,400,391,358,471,471,454,418,504,489,482,542,542,533,758]} 1. Nf3 c5 2. c4 Nc6 3. d4 cxd4 4. Nxd4 Nf6 5. Nc3 e6 6. e3 Be7 7. Be2 O-O 8. O-O a6 9. b3 Qc7 10. Bb2 {A33: Symmetrical English: 2 Nf3 Nf6 3 d4 cxd4 4 Nxd4 e6 5 Nc3 Nc6.} b6 11. Rc1 Bb7 12. Bf3 {[%cal Oc3d5] White has an edge.} Ne5 13. Bxb7 Qxb7 14. Qe2 Rfd8 {[#]} 15. e4 $146 ({Predecessor:} 15. Rfd1 Rac8 16. h3 Ng6 17. Qf3 Qxf3 18. Nxf3 Ne8 19. g4 h6 20. Kf1 Bf6 21. Nd4 {1-0 (40) Peelen,P (2330)-Irwin,M (2199) Netherlands 2008}) 15... d6 16. f4 Nc6 {[%cal Be5c6,Bc6b4,Bb4d3][%mdl 32]} 17. Nf3 Rab8 18. Rfe1 Rdc8 {[#]} 19. Nd5 $1 exd5 20. exd5 Nb4 {[%cal Ob6b5]} 21. Qxe7 Qxe7 22. Rxe7 {And now Ba3 would win.} Nd3 23. Rb1 {Strongly threatening Bxf6.} b5 24. Bxf6 gxf6 25. Nd4 {White is more active.} (25. cxb5 $1 $14 Rxb5 26. Ra7) 25... bxc4 $11 26. Re3 Kf8 27. Nc6 $36 {[%mdl 2048] White is more active.} Re8 (27... Rb6 $1 $11 {remains equal.}) 28. Rxe8+ $1 $16 {White leaves nothing to chance now.} Rxe8 29. bxc4 Nxf4 {[%mdl 4096] Endgame KRN-KRN} 30. c5 $1 dxc5 (30... Ne2+ $16 31. Kf1 Nc3) 31. d6 $18 Ne6 (31... Ra8 {was worth a try.} 32. d7 c4) 32. d7 Ra8 {[#]} 33. Re1 $1 c4 {[#]} 34. Rxe6 $1 {[%mdl 512]} fxe6 35. d8=Q+ Rxd8 36. Nxd8 {KN-KP} Ke7 37. Nc6+ Kd6 {[#]} 38. Nb4 a5 39. Nc2 Kd5 {Threatens to win with ...Ke4.} 40. Kf2 c3 41. Ke3 {White is clearly winning.} Kc4 42. g4 {[%cal Bg2g4,Bg4g5][%mdl 32]} f5 43. g5 {h4 is the strong threat.} Kd5 {Weighted Error Value: White=0.06 (flawless) /Black=0.24 (precise)} 1-0

[Event "AUT Bundesliga 2021-22"]
[Site "Graz"]
[Date "2022.03.25"]
[Round "6"]
[White "Baenziger, Fabian"]
[Black "Schenk, Andreas"]
[Result "1-0"]
[WhiteElo "2418"]
[BlackElo "2431"]
[Annotator "TA"]
[PlyCount "239"]
[EventDate "2021.01.17"]
[EventType "team-tourn"]
[EventCountry "AUT"]
[SourceTitle "playchess.com"]
[Source "ChessBase"]
[SourceQuality "1"]

{[%evp 15,239,-8,22,32,32,26,21,27,22,9,27,24,27,32,20,29,41,41,48,46,58,50,38,59,66,59,57,56,63,75,77,84,85,84,88,79,75,68,76,56,87,52,70,11,19,15,23,22,52,34,53,63,50,53,72,50,99,67,71,60,121,104,232,227,269,245,242,229,304,304,295,292,359,359,359,359,449,432,544,544,634,567,535,431,404,397,497,496,496,493,461,434,594,585,556,573,514,436,388,394,394,394,394,393,393,391,354,355,647,641,556,469,1395,1241,820,13,21,0,0,0,0,0,0,0,0,0,0,0,0,0,0,0,0,0,0,0,0,0,0,0,0,0,0,0,0,-28000,-28000,-28000,-28000,-28000,-28000,-28000,-28000,-28000,-28000,-28000,-28000,-28000,-28000,-28000,-28000,-28000,-28000,-28000,-28000,-28000,-28000,-28000,-28000,-28000,-28000,-28000,-28000,-28000,-28000,-28000,-28000,-28000,-28000,-28000,-28000,-28000,-28000,-28000,-28000,-28000,-28000,-28000,-28000,-28000,-28000,-28000,-28000,-28000,-28000,-28000,-28000,-28000,-28000,-28000,-28000,-28000,-28000,-28000,-28000,-28000,-28000,-28000,-28000,-28000,-28000,-28000,-28000,-28000,-28000,-28000,-28000,-28000,-28000,-28000,-28000,-28000,-28000,-28000,27998,27998]} 1. d4 Nf6 2. c4 e6 3. Nf3 b6 4. g3 Bb7 5. Bg2 Be7 6. O-O O-O 7. Nc3 Ne4 8. Bd2 $1 {[%mdl 4] is currently scoring better than 8.Qc2.} Bf6 9. Be1 {E18: Queen's Indian: Old Main Line (4 g3 Bb7 5 Bg2 Be7 6 0-0 0-0 7 Nc3).} Nxc3 10. Bxc3 Be4 11. Rc1 {The position is equal.} d5 12. Qa4 Qe8 13. Qxe8 Rxe8 14. cxd5 Bxd5 15. Nd2 {[#]} a5 $146 ({Predecessor:} 15... Bxg2 16. Kxg2 Nd7 17. Rc2 Rad8 18. Rfc1 c5 19. Nf3 e5 20. dxc5 Nxc5 21. b4 Na4 {1-0 (52) Rodshtein,M (2699)-Hamitevici,V (2519) Heraklion 2017}) 16. e4 Bb7 17. Rfd1 Na6 18. a3 Red8 19. Nc4 Bg5 20. Bd2 (20. f4 {looks sharper.} Bf6 21. Bf3 a4 22. Kf2 Rd7 23. Ke3) 20... Bxd2 21. Rxd2 f6 22. f4 Kf7 23. Kf2 Rd7 24. Ke3 Rad8 25. Bh3 {[%cal Od4d5,Bg2h3,Bh3g4,Bg4d1,Bd1b3,Bb3c4][%mdl 32]} Re7 26. Bg4 Nb8 27. Bd1 {White is more active.} Bc6 28. Bb3 {[%cal Of4f5]} Ke8 29. a4 (29. g4 $14) 29... Bb7 $11 30. Na3 Na6 {[%cal Bb8a6,Ba6b4,Bb4c2][%mdl 32]} 31. Bc4 Nb4 (31... f5 {with more complications.} 32. e5 Nb4 33. Nb5 h6 34. h4 g6) 32. Nc2 (32. Bb5+ {is more complex.} Kf8 33. Nc2 Nc6 34. b3 Na7 35. Bc4) 32... Nxc2+ 33. Rdxc2 {Threatens to win with Bb5+.} c6 {To avoid Bb5} 34. Rd2 Kd7 35. Be2 Rc8 (35... Kc7 $14) 36. Rc3 Kc7 37. e5 Kd7 (37... Rd8 $14) 38. Rd1 Rc7 (38... Ree8 $16) 39. Rb3 $18 Rc8 40. Rxb6 Kc7 41. Rb3 Ree8 42. Rc1 Rb8 43. Bc4 Bc8 44. Rxb8 Kxb8 {[%mdl 4096] Endgame KRB-KRB} 45. Bd3 {[%csl LRc6,LRh7]} Bd7 46. Rc5 Kc7 47. Rxa5 Rb8 48. Ra7+ Kd8 49. Kd2 Rxb2+ 50. Bc2 h5 51. Kc3 Ra2 52. a5 fxe5 53. fxe5 g5 54. Kb3 Ra1 55. Kb2 Rh1 56. a6 {[%cal Oa7d7] [#] Strongly threatening Rxd7+!} Bc8 57. Ra8 {White threatens a7 and mate.} Kc7 58. a7 {[%cal Oa8c8] White wants to mate with Rxc8+!} Bb7 59. Rh8 Rxh2 60. a8=Q Bxa8 61. Rxa8 {KRB-KR} Rh3 $2 (61... Rg2 62. Re8 c5 63. dxc5 Kc6 64. Rc8+ (64. Rxe6+ Kxc5 65. Ra6 Re2 $18) 64... Kb7) 62. Rh8 Rxg3 {[%cal Oc6c5]} 63. Rxh5 c5 (63... Kb6 $142 64. Rh6 Kb5 65. Rxe6 Re3) 64. Rh7+ Kc6 65. Be4+ $2 ({White must play} 65. Ba4+ $18 Kb6 66. d5 Rg2+ 67. Kc3 Rg3+ 68. Kc2 Rg2+ 69. Kc3 Rg3+ 70. Kc4 Rg4+ 71. Kb3 Rg3+ 72. Kb2 Rg2+ 73. Kc3) 65... Kb5 $11 66. d5 Re3 67. Bh1 exd5 68. Bxd5 {[#] Black must now prevent e6.} Rxe5 69. Rb7+ Ka6 70. Rd7 Kb5 71. Rb7+ Ka6 72. Rd7 Kb5 73. Kc3 Re3+ 74. Kd2 Rg3 75. Rb7+ Ka6 76. Rb1 Rg4 {Hoping for ...Rd4+.} 77. Kc3 Rb4 78. Rg1 Rh4 79. Bc4+ Kb6 80. Rxg5 $2 {[%mdl 8192]} (80. Re1 $11) 80... Rh3+ 81. Bd3 Rh6 82. Re5 Rd6 $4 {[%mdl 8192]} (82... c4 83. Be4 Kc7) 83. Bc4 Kc6 84. Kb3 Rd1 $4 {[%mdl 8192]} (84... Kb6 85. Rh5 Kc6) 85. Re6+ Rd6 $4 {[%mdl 8192]} (85... Kd7 86. Rg6 Kc7) 86. Bb5+ Kc7 87. Re8 Rd4 $4 {[%mdl 8192]} (87... c4+ 88. Kxc4 Rg6) 88. Bc4 Kc6 $4 {[%mdl 8192]} (88... Rd7 89. Rh8 Kd6) 89. Re1 Rd6 90. Rf1 Rd4 $4 {[%mdl 8192]} (90... Kb6 91. Ra1 Rd4) 91. Rg1 Rd6 92. Ka4 Rd4 93. Rg6+ Rd6 $4 {[%mdl 8192]} (93... Kc7 94. Kb5 Rd6) 94. Bb5+ Kc7 $4 {[%mdl 8192]} (94... Kd5 95. Bc4+ Kc6) 95. Rg8 Kb6 $4 {[%mdl 8192]} (95... Rd4+ 96. Ka5 Rd8) 96. Bc4 Kc6 $4 {[%mdl 8192]} (96... Rd4 97. Rg6+ Kc7) 97. Ka5 Kc7 $4 {[%mdl 8192]} (97... Rd4 98. Rc8+ Kd7) 98. Kb5 Rb6+ 99. Kxc5 Rc6+ 100. Kd4 Kb6 $4 {[%mdl 8192]} (100... Rd6+ 101. Kc3 Rd7) 101. Bd5 Rc1 $4 {[%mdl 8192]} (101... Rd6 102. Rb8+ Ka7) 102. Rb8+ Kc7 103. Rb7+ Kd6 $4 {[%mdl 8192]} (103... Kc8 104. Rf7 Kd8) 104. Rb6+ Kd7 $4 {[%mdl 8192]} (104... Kc7 105. Rh6 Ra1) 105. Ke5 Re1+ 106. Be4 Kc8 $4 {[%mdl 8192]} (106... Re3 107. Rb7+ Ke8) 107. Rb4 Kc7 108. Rb7+ Kc8 109. Rh7 Re2 $4 {[%mdl 8192]} (109... Re3 110. Re7 Kb8) 110. Kd5 Rf2 $4 {[%mdl 8192]} (110... Rd2+ 111. Kc6 Kd8) 111. Kc5 Rf6 $4 {[%mdl 8192]} (111... Kd8 112. Kd6 Rf6+ 113. Ke5 Rb6) 112. Bc6 Kd8 $4 {[%mdl 8192]} (112... Rf5+ 113. Kb6 Rf8) 113. Kd5 Rg6 $4 {[%mdl 8192]} (113... Rf5+ 114. Ke6 Rf1) 114. Rd7+ Kc8 115. Kc5 Rg1 $4 {[%mdl 8192]} (115... Rf6 116. Kb6 Re6) 116. Rh7 Rg6 $4 {[%mdl 8192]} (116... Rg3 117. Bd7+ Kd8) 117. Kb6 Kd8 118. Rd7+ Kc8 119. Re7 Rg8 $4 {[%mdl 8192]} (119... Rd6 120. Kc5 Rh6) 120. Ra7 {What a fight!  Weighted Error Value: White=0.09 (flawless) /Black=0.23 (precise)} 1-0

[Event "AUT Bundesliga 2021-22"]
[Site "Graz"]
[Date "2022.03.25"]
[Round "6"]
[White "Kvetny, Mark"]
[Black "Vitouch, Anatol"]
[Result "1-0"]
[WhiteElo "2417"]
[BlackElo "2245"]
[Annotator "NA"]
[PlyCount "65"]
[EventDate "2021.01.17"]
[EventType "team-tourn"]
[EventCountry "AUT"]
[SourceTitle "playchess.com"]
[Source "ChessBase"]
[SourceQuality "1"]
[TimeControl "40/5400+30:1800+30"]

1. b3 {[%emt 0:00:03]} d5 {[%emt 0:00:06]} 2. Bb2 {[%emt 0:00:07]} Bg4 {[%emt 0:00:13]} 3. f3 {[%emt 0:00:57]} Bh5 {[%emt 0:02:31]} 4. h4 {[%emt 0:00:13]} f6 {[%emt 0:05:21]} 5. d4 {[%emt 0:00:21]} e6 {[%emt 0:07:23]} 6. e3 {[%emt 0:05:16]} Bd6 {[%emt 0:00:31]} 7. Bd3 {[%emt 0:00:42]} Bg3+ {[%emt 0:05:08]} 8. Kd2 {[%emt 0:01:34]} Nc6 {[%emt 0:06:50]} 9. Ne2 {[%emt 0:01:29]} Bd6 {[%emt 0:00:07]} 10. g4 {[%emt 0:11:20]} Bf7 {[%emt 0:05:21]} 11. a3 {[%emt 0:00:41]} e5 {[%emt 0:04:30]} 12. Nbc3 {[%emt 0:01:49]} a6 {[%emt 0:06:07]} 13. Qg1 {[%emt 0:05:43]} Qe7 {[%emt 0:06:35]} 14. Qf2 {[%emt 0:19:23]} O-O-O {[%emt 0:03:29]} 15. Kc1 {[%emt 0:05:55]} Nh6 {[%emt 0:06:55]} 16. Kb1 {[%emt 0:00:35]} g6 {[%emt 0:08:29]} 17. Ka2 {[%emt 0:02:35]} f5 {[%emt 0:00:23]} 18. g5 {[%emt 0:02:35]} Ng8 {[%emt 0:02:14]} 19. e4 {[%emt 0:03:35]} dxe4 {[%emt 0:07:32]} 20. fxe4 {[%emt 0:00:10]} exd4 {[%emt 0:02:58]} 21. Nxd4 {[%emt 0:10:56]} Ne5 {[%emt 0:00:42]} 22. exf5 {[%emt 0:11:48]} gxf5 {[%emt 0:05:22]} 23. Nxf5 {[%emt 0:01:02]} Qe8 {[%emt 0:00:32]} 24. Nxd6+ {[%emt 0:01:58]} cxd6 {[%emt 0:00:10]} 25. Be4 {[%emt 0:00:57]} Ne7 {[%emt 0:00:22]} 26. Rhe1 {[%emt 0:01:47]} h6 {[%emt 0:02:09]} 27. Rad1 {[%emt 0:02:31]} hxg5 {[%emt 0:00:11]} 28. hxg5 {[%emt 0:00:04]} Rg8 {[%emt 0:00:59]} 29. Qb6 {[%emt 0:01:06]} N7c6 {[%emt 0:01:13]} 30. Bf5+ {[%emt 0:01:04]} Kb8 {[%emt 0:01:30]} 31. Ne4 {[%emt 0:00:31]} Nd7 {[%emt 0:06:08]} 32. Bxd7 {[%emt 0:01:40]} Qxd7 {[%emt 0:00:06]} 33. Nf6 {[%emt 0:00:26]} 1-0

[Event "AUT Bundesliga 2021-22"]
[Site "Graz"]
[Date "2022.03.25"]
[Round "6"]
[White "Kilgus, Georg"]
[Black "Nisipeanu, Liviu-Dieter"]
[Result "1/2-1/2"]
[WhiteElo "2415"]
[BlackElo "2652"]
[Annotator "TA"]
[PlyCount "70"]
[EventDate "2021.01.17"]
[EventType "team-tourn"]
[EventCountry "AUT"]
[SourceTitle "playchess.com"]
[Source "ChessBase"]
[SourceQuality "1"]

{[%evp 9,70,21,18,23,33,10,0,-4,30,18,20,-54,-16,-21,-17,-97,-97,-102,-100,-113,-18,-26,-18,-18,-18,-39,-32,-56,-63,-58,-1,-45,0,0,0,0,0,0,34,31,82,0,0,0,0,0,0,0,0,0,0,0,0,0,0,0,0,0,0,0,0,0,0]} 1. e4 d6 2. d4 Nf6 3. Nc3 e5 4. Nge2 Be7 5. h3 O-O 6. g4 {B07: Pirc Defence: Miscellaneous Systems.} exd4 7. Nxd4 d5 8. e5 Ne4 9. Nxe4 dxe4 {[#]} 10. Bc4 $146 {To avoid Qd5} (10. Bg2 $11) ({Predecessor:} 10. Bf4 Bg5 11. Bg3 e3 12. fxe3 Bxe3 13. Nf5 Bxf5 14. gxf5 Nc6 15. c3 Bf4 {0-1 (15) Cicak,S (2491)-Johansson,J (2344) Sweden 2019}) 10... Bc5 (10... Nd7 {looks sharper.} 11. Bxf7+ Rxf7 12. e6 Rf6 13. exd7 Bxd7 14. Be3 Qe8) 11. c3 Qe7 12. e6 {To avoid Nd7} (12. Bf4 $11 {remains equal.}) 12... Bxe6 $17 ({Much worse is} 12... fxe6 $6 13. Be3 $15) 13. Bxe6 fxe6 14. Be3 Qf7 (14... Nc6 $17 {Hoping for ...Ne5.} 15. Nxc6 bxc6) 15. Qb3 $1 $11 {[%csl LRb7,LRe6]} Bxd4 16. Bxd4 Nc6 17. O-O-O $1 b6 {To avoid Bc5} 18. Qc4 Na5 ({Much weaker is} 18... Nxd4 19. Rxd4 Qxf2 20. Rxe4 $11) 19. Qa4 Rad8 ({Black should play} 19... Qe8 $15 20. Qxe8 Raxe8) 20. Be3 (20. Be5 $11) 20... e5 (20... Qf3 $15 {was preferrable.}) 21. Rxd8 Rxd8 22. Rd1 Rxd1+ 23. Qxd1 {Black must now prevent Qd8+.} Nb7 {To avoid Qd8+} 24. Qa4 {[%csl LRa7,LRe4]} Nd6 {[#]} (24... h6 $14) 25. Qxa7 (25. b3 $1 $16) 25... Qc4 {The position is equal.} 26. Qa8+ Kf7 27. Qd8 h6 28. Qd7+ Kg8 29. a3 Kh7 30. h4 b5 31. h5 Qf1+ 32. Kc2 Qd3+ 33. Kc1 Qf1+ 34. Kc2 Qd3+ 35. Kc1 Qf1+ {Weighted Error Value: White=0.16 (very precise) /Black=0.17 (very precise)} 1/2-1/2